000 00730nam a2200229 a 4500
001 000023086
005 20200930021958.0
008 101126s1998 ck 001 0 spa d
020 _a9589613780
040 _aDO-SdBNP
_bspa
_cBNPHU
082 _a346.86107
_bR426c
110 _aRepública de Colombia [Leyes, etc.]
_947526
245 1 0 _aCódigo de comercio :
_bconcordado y actualizado con la ley 222 de diciembre 20 de 1995.
260 _aSantafé de Bogotá :
_b3R,
_c1998.
300 _a850, cxii p. ;
_c18 cm.
490 1 _aTemas Jurídicos
500 _aIncluye índice temático.
650 4 _aDerecho comercial
_xLegislación
_zColombia
_947527
830 0 _aTemas Jurídicos
_927600
910 _aWM
049 _aBNGR
999 _c22583
_d22583